000 00342nam a22001337a 4500
008 250801b |||||||| |||| 00| 0 eng d
020 _a052134557
050 _aHE8846
_b.T36
100 _aTEMIN Peter
245 _aThe Fall of the Bell System
260 _aMelbourne
_bCambridge University Press.
_c1987
300 _axviii, 318p.
942 _cBK
999 _c4410
_d4410